000 00480nam a2200169 i 4500
001 19576
003 ES-MaACL
005 20230906152127.0
007 t|
008 021004s1911 fr ||||1| fre d
100 1 _aAbdesselem, Taleb,
_918015
245 1 2 _aL'organisation financiere de l'empire marocain /
_cpar Taleb Abdesselem.
260 _aParĂ­s :
_bMayeune,
_c1911 (
_fCharles Colin)
300 _a210 p. ;
_c25 cm.
852 _aES-MaACL
_jF-10421
999 _c19576
_d19576